Prevención y represión de la corrupción en el estado de Derecho

Guardat en:
Dades bibliogràfiques
Autors principals: Rodríguez García, Nicolás (Autor), Fabián Caparrós, Eduardo (Autor), Contreras Alfaro, Luis Humberto (Autor)
Format: Llibre
Idioma:espanyol
Publicat: Santiago LexisNexis 2005
Edició:1a. ed
Matèries:
Etiquetes: Afegir etiqueta
Sense etiquetes, Sigues el primer a etiquetar aquest registre!

MARC

LEADER 00000nam a2200000 a 4500
001 UCK8416
003 CL-VaPUC
008 060317e20050000CL |||||||||||||||||spa|d
020 |a 9562385752 
082 0 4 |a 352.35  |b ROD  |2 21 
100 0 |a Rodríguez García, Nicolás  |e author  |9 498180 
700 0 |a Fabián Caparrós, Eduardo  |e author  |9 498181 
700 0 |a Contreras Alfaro, Luis Humberto  |e author  |9 498182 
245 1 0 |a Prevención y represión de la corrupción en el estado de Derecho 
250 |a 1a. ed 
300 |a 695 p 
942 |c BK 
945 |d 20060317 00:00:00  |a jtorresc 
260 |a Santiago  |b LexisNexis  |c 2005 
650 0 |a Derecho público   |9 255910 
650 0 |a Derecho administrativo  |9 254851 
650 0 |a Corrupción administrativa  |9 495722 
650 7 |a SERVICIO PUBLICO  |2 CL-VaPUC  |9 352912 
583 |a last modification  |c 20060317 00:00:00  |k Rodrigo Vera 
999 |c 316068  |d 316066 
952 |0 0  |1 0  |4 0  |6 352_350000000000000_ROD_2005  |7 0  |8 A  |9 390155  |a BIBDER  |b BIBDER  |d 2019-11-22  |i 4200802  |o 352.35 ROD 2005  |p 4200802  |r 2023-01-25  |w 2019-11-22  |y BK  |k DER